000 00818nam a22002777a 4500
003 CHAP
005 20220329134251.0
008 971013s r 10010 d
010 _a17859
011 _a18831
035 _a22916
040 _cCHAP
090 _aFolleto 8176
111 0 0 _aJornadas Mexicanas de Biblioteconomía (
_n8
_d: 1977
_c: Guadalajara, Jal.)
_962179
245 _aResúmenes
260 _a(s.l. :
_bs.e),
_c(s.a.)
300 _a(s.p.)
590 _aBATCH-UPD
_b10
_c20130110
_lUCH01
_h2056
590 _aBATCH-UPD
_b10
_c20130410
_lUCH01
_h1409
590 _aBATCH-UPD
_b10
_c20130914
_lUCH01
_h0624
590 _aCONVERSION
_b10
_c20130109
_lUCH01
_h1311
650 1 4 _aBiblioteconomía
_xCongresos.
_912575
901 _aBK
942 _cFOLL
949 _aFolleto 8176
_bBC
_cB
_d-53506
_eB
_i22916
_si
999 _c17859
_d17859